Beethoven, ses critiques et ses glossateurs / (Record no. 161180)

MARC details
000 -LEADER
campo de control de longitud fija 00738nam a22001815i 4500
001 - NÚMERO DE CONTROL
campo de control 161180
003 - IDENTIFICADOR DE NÚMERO DE CONTROL
campo de control ES-MaACL
005 - FECHA Y HORA DE LA ÚLTIMA TRANSACCIÓN
campo de control 20230906212217.0
008 - DATOS DE LONGITUD FIJA--INFORMACIÓN GENERAL
campo de control de longitud fija 981020s1857 gw |||| | fre d
040 ## - FUENTE DE CATALOGACIÓN
Centro catalogador/agencia de origen CCPB | B
Lengua de catalogación spa
Centro/agencia transcriptor CCPB | B
100 1# - ENTRADA PRINCIPAL--NOMBRE DE PERSONA
Nombre de persona Oulibicheff, Alexandre.
9 (RLIN) 130752
245 10 - MENCIÓN DEL TÍTULO
Título Beethoven, ses critiques et ses glossateurs /
Mención de responsabilidad, etc. Par Alexandre Oulibicheff.
260 ## - PUBLICACIÓN, DISTRIBUCIÓN, ETC.
Lugar de publicación, distribución, etc. Leipzig :
Nombre del editor, distribuidor, etc. F. A. Brockhaus,
Fecha de publicación, distribución, etc. 1857.
300 ## - DESCRIPCIÓN FÍSICA
Extensión XIV, [2], 354 p. ;
Dimensiones 24 cm.
600 14 - PUNTO DE ACCESO ADICIONAL DE MATERIA--NOMBRE DE PERSONA
Nombre de persona Beethoven, Ludwig van-
Subdivisión general Biografías.
9 (RLIN) 27031
752 ## - ENTRADA AGREGADA--NOMBRE JERÁRQUICO DEL LUGAR
País o entidad superior Alemania -
Ciudad Leipzig
852 ## - LOCALIZACIÓN
Ubicación ES-MaACL
Número de control de estantería G-9532
Nota libre -- Enc. hol.
Encuadernación -- Edic.: En el pie de imp. consta tambien el ed.: Paris : Jules Gavelot -- La paginación en este ejemplar es: XIV, [2], 351, [1] p.
Holdings
Estatus retirado Estado de pérdida Estado de daño No para préstamo Colección Biblioteca de origen Biblioteca actual Ubicación en estantería Fecha de adquisición Fuente de adquisición Total de préstamos Signatura topográfica completa Código de barras Visto por última vez Precio de reemplazo Tipo de ítem Koha
        Libros del s. XIX Biblioteca del Ateneo de Madrid Biblioteca del Ateneo de Madrid Sala Pecera Planta 3 17/01/2008     G-9532 1168819 23/02/2023 23/02/2023 Libro impreso antiguo